Studies in probability and ergodic theory

Saved in:
Bibliografiske detaljer
Hovedforfatter: Rota, Gian-Carlo (Author)
Format: Bog
Sprog:engelsk
Udgivet: Nueva York Academic Press 1978
Serier:Advances in Mathematics Supplementary Studies, 2
Fag:
Tags: Tilføj Tag
Ingen Tags, Vær først til at tagge denne postø!

MARC

LEADER 00000nam a2200000 a 4500
001 UCP1018
003 CL-VaPUC
008 990326e19780000US |||||||||||||||||eng|d
082 0 4 |a 519.2  |b ROT  |2 21 
100 0 |a Rota, Gian-Carlo  |e author  |9 426746 
245 1 0 |a Studies in probability and ergodic theory 
300 |a 293 p 
942 |c BK 
945 |d 19990326 00:00:00  |a crobeson 
260 |a Nueva York  |b Academic Press  |c 1978 
650 0 |a Teoría de probabilidades   |9 336944 
650 0 |a Teoría ergódica  |9 270156 
650 0 |a Variables aleatorias   |9 270745 
650 0 |a Procesos de Markov  |9 270451 
650 7 |a MOVIMIENTO BROWNIANO  |2 CL-VaPUC  |9 270488 
650 0 |a Transformada de Laplace  |9 422308 
583 |a last modification  |c 19990326 00:00:00  |k Rodrigo Vera 
490 0 |a Advances in Mathematics Supplementary Studies, 2 
999 |c 279740  |d 279738 
952 |0 0  |1 0  |4 0  |6 519_200000000000000_ROT_1978  |7 0  |8 A  |9 319516  |a BIBGIM  |b BIBGIM  |d 2019-11-20  |i 1333283  |o 519.2 ROT 1978  |p 1333283  |r 2025-01-15  |w 2019-11-20  |y BK  |k EST